A máj méregtelenítő enzimrendszerének vizsgálata halakban

Elmentve itt :
Bibliográfiai részletek
Szerző: Banka Lajos
További közreműködők: Ábrahámné Dr. Gulyás Magdolna (Témavezető)
Dokumentumtípus: Disszertáció
Megjelent: 1999
Kulcsszavak:Biokémia
Tárgyszavak:
Online Access:http://doktori.ek.szte.hu/4252
LEADER 00936nta a2200229 i 4500
001 dokt4252
005 20220307101807.0
008 220307s1999 hu om 0|| hun d
040 |a SZTE Doktori Repozitórium  |b hun 
041 |a hun 
100 1 |a Banka Lajos 
245 1 2 |a A máj méregtelenítő enzimrendszerének vizsgálata halakban  |h [elektronikus dokumentum] /  |c  Banka Lajos 
260 |c 1999 
502 |a Disszertacio 
650 4 |a biológiai tudományok 
650 4 |a Természettudományok 
650 4 |a Biológiai tudományok 
695 |a Biokémia 
700 2 |a Ábrahámné Dr. Gulyás Magdolna  |e ths 
856 4 0 |u https://doktori.bibl.u-szeged.hu/id/eprint/4252/1/1999_banka_lajos.pdf  |z Dokumentum-elérés  
856 4 0 |u https://doktori.bibl.u-szeged.hu/id/eprint/4252/2/1999_banka_lajos_tezis.pdf  |z Dokumentum-elérés  
856 4 0 |u https://doktori.bibl.u-szeged.hu/id/eprint/4252/3/1999_banka_lajos_biralat.pdf  |z Dokumentum-elérés